Cerita dalam hospital
| Main Author: | |
|---|---|
| Format: | Book |
| Published: |
Selangor :
Komrad ,
2019
|
| Subjects: |
MARC
| LEADER | 00000cam a2200000 7i4500 | ||
|---|---|---|---|
| 001 | 0000090143 | ||
| 005 | 20230125151327.0 | ||
| 008 | 220920 | ||
| 020 | |a 9789672062448 | ||
| 041 | |a Malay | ||
| 090 | 0 | 0 | |a 808.882 |b AMA |
| 100 | 0 | |a Amalina Nudin | |
| 245 | 1 | 0 | |a Cerita dalam hospital |c Amalina Nudin |
| 260 | |a Selangor : |b Komrad , |c 2019 | ||
| 300 | |a 164 p. ; |c 19 cm. | ||
| 541 | |c Purchase on 2022 |f SA 11/21 ADAM |h RM | ||
| 650 | 0 | |a Anecdotes | |
| 650 | 0 | |a Physicians |x anecdotes | |
| 730 | 0 | |a Judul | |
| 999 | |a 0001688926 |b Book |c Adult Collection |e Perbadanan Perpustakaan Awam Johor | ||